Chirurgické liečenie vrodenej stenózy aortálnych chlopní

Bibliographic Details
Main Authors: Šimkovic, Ivan, 1919-2007 (Author), Hubka, Michal, 1916-1984 (Author), Siman, Jaroslav, 1933-2008 (Author), Vršanský, Dušan, 1948- (Author), Vanžurová, Eva, 1927-2001 (Author)
Format: Article
Language:Slovak
PhysicalDescription:Obr. 5.
Subjects:

MARC

LEADER 00000nab a2200000 a 4500
001 vtls000075437
003 SK-MaSNL
005 20260305001520.0
008 250422c1980 xo 0 slo
015 |a SNBRB19rr/mm-uuuuu 
035 |a CL0085538 
035 |a urn:nbn:sk:snk-ab220 
035 |a (urnnbn)urn:nbn:sk:snk:ar-a03jy6 
035 |a (uuid)a3c21c9c-be4c-4ff7-a689-c4d5052817f1 
040 |a SNKBUCL  |b slo  |c SNKBUCL  |e AACR2 
041 0 |a slo 
044 |a xo  |c SK 
080 |a 616.1  |2 1981 
080 |a 616-08  |2 1981 
245 0 0 |a Chirurgické liečenie vrodenej stenózy aortálnych chlopní  |c Ivan Šimkovic, Michal Hubka, Jaroslav Siman, Dušan Vršanský, Eva Vanžurová 
300 |b Obr. 5. 
546 |a Res. rus., nem., angl. 
650 0 7 |a aortálna stenóza  |2 SNKPH  |9 208469 
655 7 |a články z novín a časopisov  |2 SNK  |9 267496 
700 1 |a Šimkovic, Ivan,  |d 1919-2007  |4 aut  |9 110818 
700 1 |a Hubka, Michal,  |d 1916-1984  |4 aut  |9 197845 
700 1 |a Siman, Jaroslav,  |d 1933-2008  |4 aut  |9 18566 
700 1 |a Vršanský, Dušan,  |d 1948-  |4 aut  |9 16237 
700 1 |a Vanžurová, Eva,  |d 1927-2001  |4 aut  |9 5950 
773 0 |t Bratislavské lekárske listy  |g Roč. 74, č. 6 (1980), s. 609-615 
850 |a Slovenská národná knižnica 
852 |a Slovenská národná knižnica 
954 |a odborná, vedecká literatúra pôvodná (slovenská)  |2 lita 
958 |a article27 
958 |a RK 
958 |a MI 
958 |a OND 
958 |a EUIPO 
992 |a RBX 
999 |c 3219831  |d 3221761